| 000 | 01361nam a22003017a 4500 | ||
|---|---|---|---|
| 005 | 20170327105252.0 | ||
| 008 | 140714b xxu||||| |||| 00| 0 Urdu d | ||
| 010 | _aUR-8588 B-548297 B-665939-40 | ||
| 020 |
_c850.00 _a9789381029633 |
||
| 020 |
_c800.00 V.1 _a9789381029480 |
||
| 020 |
_c850.00 V.2 _a9789381029473 |
||
| 035 | _aU-7143 B-548297 B-665939-40 | ||
| 037 | _bBPPD/Publishers/Venders | ||
| 037 | _bDBAD/Pub. | ||
| 037 | _bS.P. Vend | ||
| 040 |
_aDPL _bUrdu |
||
| 082 | _a840 | ||
| 100 | _aمر تب :ا نو ر پا شا | ||
| 245 |
_aا د بی تحر يکا ت و ر حجا نا ت _cمر تب :ا نو ر پا شا |
||
| 246 |
_aAdabi Tehrikat -wa- Rujhanaat9Vol.-2) _bbyAnwar Pasha |
||
| 260 |
_bArshia Publictions _bStar Publications.( Vender) _c2014 |
||
| 260 | _a4/5Asaf Ali Road,New Delhi-110002 | ||
| 270 |
_aA-170,Ground Floor, 3,Surya Apartment, Dilshad Colony, _b دھلی _e110095 _k9971775969 |
||
| 300 |
_a876ص _c22Cm(Pb) |
||
| 942 |
_2ddc _cUR _mا ن و _h840 |
||
| 999 |
_c87806 _d87806 |
||